00609cam a2200217 a 45000010008000000030004000080050017000120080041000290100017000700200018000870400018001050430012001230500022001350820019001571000026001762450045002022600029002473000013002765040051002896510051003404257104OSt20231205115455.0840626s1983 ii b 001 0 eng  a 83901723  a9789332535749 aDLCcDLCdDLC aa-ii---00aDS479b.S265 198300a954.035bSAR/M aSarkar, Sumit d1939-10aModern India, 1885-1947 /cSumit Sarkar. aDelhi :bPearson,c2014. a424 p. ; aIncludes bibliographical references and index. 0aIndiaxHistoryyBritish occupation, 1765-1947.